000 01046nam a2200289Ia 4500
001 Para_2950
003 CHAP
008 220125s1985 xx 000 0 und d
010 _a201490
040 _cCHAP
090 _aPA FOLLETO 2942
100 _aAguilar Castillo, Guillermo
_92674
245 _aUxmal V-527 y Peninsular V-528 muevas variedades de maíz para la península de Yucatán /
_c por Guillermo Aguilar Castillo y Ramón Artemio Castillo González
260 _aMérida, Yuc. :
_b INIA. Campo Agrícola Experimental de Uxmal
300 _a16 p.
440 _aFolleto técnico; 2
_942068
650 _aMaíz
_x Yucatán Maíz
_x Variedades
_9166415
700 _aCastillo González, Ramón Artemio
_920138
710 _aInstituto Nacional de Investigaciones Agrícolas. México. Campo Agrícola Experimental de Uxmal
_9166374
901 _aPA FOLLETO 2942
902 _aA
905 _a0000001985 MERa 0000000000 00
910 _a1985
942 _cPARA
942 _cPARA
_d1
999 _c201490
_d201490